[Event "FAI-chT 2122"]
[Site "Faroe Islands"]
[Date "2021.11.20"]
[Round "5.4"]
[White "Ziska, Andrias"]
[Black "Hansen Eliasen, Bogi"]
[Result "1-0"]
[WhiteElo "1871"]
[BlackElo "1841"]
[PlyCount "74"]
[EventDate "2021.10.03"]
[EventType "team-tourn"]
[EventRounds "10"]
[EventCountry "FAI"]
[SourceTitle "EXT 2023"]
[Source "ChessBase"]
[SourceDate "2022.10.05"]
[SourceVersion "1"]
[SourceVersionDate "2022.10.05"]
[SourceQuality "1"]
[WhiteTeam "Havnin II"]
[BlackTeam "Klaksvik"]
[WhiteTeamCountry "FAI"]
[BlackTeamCountry "FAI"]

1. e4 d5 2. exd5 Qxd5 3. Nc3 Qd6 4. d4 Nf6 5. Nf3 c6 6. Be2 Bf5 7. 0-0 e6 8. Re1 Be7 9. h3 0-0 10. Be3 Nbd7 11. Qd2 Qc7 12. a3 Rfe8 13. Rac1 Ne4 14. Nxe4 Bxe4 15. c4 c5 16. dxc5 Bxc5 17. b4 Bxe3 18. Qxe3 Bxf3 19. Bxf3 a5 20. c5 axb4 21. axb4 Rac8 22. g3 g6 23. Rc2 Red8 24. Bg2 Nb6 25. Rec1 Nd5 26. Qb3 Qe7 27. Re1 Qc7 28. b5 Qa5 29. Rb1 b6 30. c6 Ra8 31. c7 Rdc8 32. Bxd5 exd5 33. Qxd5 Qa3 34. Rbc1 Qe7 35. Qb7 Qd7 36. Qxb6 Kg7 37. Qc5 Ra5 1-0

[Event "FAI-chT 1819"]
[Site "Faroe Islands"]
[Date "2019.02.24"]
[Round "7.2"]
[White "Hansen Eliasen, Bogi"]
[Black "Samuelsen, Carl Eli Nolsoe"]
[Result "0-1"]
[WhiteElo "1896"]
[BlackElo "2237"]
[PlyCount "38"]
[EventDate "2018.10.28"]
[EventType "team-tourn"]
[EventRounds "10"]
[EventCountry "FAI"]
[SourceTitle "CBM 189 Extra"]
[Source "ChessBase"]
[SourceDate "2019.06.03"]
[SourceVersion "1"]
[SourceVersionDate "2019.06.03"]
[SourceQuality "1"]
[WhiteTeam "Klaksvik"]
[BlackTeam "Havnin"]
[WhiteTeamCountry "FAI"]
[BlackTeamCountry "FAI"]

1. d4 Nf6 2. c4 e5 3. dxe5 Ng4 4. e3 Nxe5 5. f4 Ng6 6. a3 a5 7. Nc3 Bc5 8. Nf3 d6 9. Qc2 0-0 10. Be2 Re8 11. e4 Nc6 12. g3 Bg4 13. Qd3 Qd7 14. Bd2 Rad8 15. 0-0-0 Bxf3 16. Bxf3 Nd4 17. Be3 Nb3+ 18. Kc2 a4 19. Nxa4 Qxa4 0-1

[Event "DEN-ch G5-2A"]
[Site "Skorping"]
[Date "2017.04.16"]
[Round "4"]
[White "Nielsen, Henrik Wendelbo"]
[Black "Hansen Eliasen, Bogi"]
[Result "1-0"]
[WhiteElo "1842"]
[BlackElo "1910"]
[PlyCount "75"]
[EventDate "2017.04.13"]
[EventType "swiss"]
[EventRounds "5"]
[EventCountry "DEN"]
[SourceTitle "EXT 2018"]
[Source "ChessBase"]
[SourceDate "2017.10.13"]
[SourceVersion "1"]
[SourceVersionDate "2017.10.13"]
[SourceQuality "1"]

1. d4 f5 2. g3 Nf6 3. Bg2 d5 4. Nf3 e6 5. 0-0 Bd6 6. Nbd2 0-0 7. c4 c6 8. Rb1 a5 9. e3 a4 10. c5 Be7 11. b4 axb3 12. Qxb3 Ne4 13. Ne5 Nxd2 14. Bxd2 Nd7 15. Nd3 g5 16. f3 Bf6 17. Bc3 Qe8 18. e4 fxe4 19. fxe4 Qg6 20. Nf2 Bg7 21. e5 h5 22. Bd2 g4 23. Nd3 Bh6 24. Bxh6 Qxh6 25. Nf4 Rf7 26. Rb2 h4 27. Rbf2 hxg3 28. Qxg3 Rg7 29. a3 Ra4 30. Ne2 Qh5 31. Rf4 Ra6 32. R1f2 b6 33. Bf1 b5 34. Qe3 Ra4 35. Ng3 Qg5 36. Be2 Qh6 37. Rf8+ Kh7 38. Bd3+ 1-0

[Event "DEN-ch G5-2A"]
[Site "Skorping"]
[Date "2017.04.15"]
[Round "3"]
[White "Hansen Eliasen, Bogi"]
[Black "Olsen, Karsten Kierkegaard"]
[Result "1/2-1/2"]
[WhiteElo "1910"]
[BlackElo "1689"]
[PlyCount "52"]
[EventDate "2017.04.13"]
[EventType "swiss"]
[EventRounds "5"]
[EventCountry "DEN"]
[SourceTitle "EXT 2018"]
[Source "ChessBase"]
[SourceDate "2017.10.13"]
[SourceVersion "1"]
[SourceVersionDate "2017.10.13"]
[SourceQuality "1"]

1. d4 Nf6 2. c4 g6 3. Nc3 Bg7 4. e4 d6 5. Bd3 e5 6. d5 0-0 7. Nge2 Ne8 8. 0-0 f5 9. f4 Nf6 10. fxe5 dxe5 11. exf5 e4 12. Nxe4 Bxf5 13. Nc5 Qd6 14. b4 Nxd5 15. Bxf5 gxf5 16. Rb1 Nb6 17. Qxd6 cxd6 18. Ne6 Rf7 19. c5 dxc5 20. bxc5 Na4 21. Rb4 Nc3 22. Nxc3 Bxc3 23. Rb3 Be5 24. Bb2 Nc6 25. Bxe5 Nxe5 26. Re1 Nc6 1/2-1/2

[Event "DEN-ch G5-2A"]
[Site "Skorping"]
[Date "2017.04.14"]
[Round "2"]
[White "Jepsen, Thomas Tange"]
[Black "Hansen Eliasen, Bogi"]
[Result "1-0"]
[WhiteElo "2080"]
[BlackElo "1910"]
[PlyCount "77"]
[EventDate "2017.04.13"]
[EventType "swiss"]
[EventRounds "5"]
[EventCountry "DEN"]
[SourceTitle "EXT 2018"]
[Source "ChessBase"]
[SourceDate "2017.10.13"]
[SourceVersion "1"]
[SourceVersionDate "2017.10.13"]
[SourceQuality "1"]

1. d4 f5 2. c4 e6 3. Nc3 Nf6 4. Nf3 b6 5. g3 Bb7 6. Bg2 Bb4 7. Qb3 c5 8. 0-0 cxd4 9. Nxd4 Bxg2 10. Kxg2 Bc5 11. Rd1 Bxd4 12. Rxd4 Nc6 13. Rd6 Na5 14. Qb4 Qe7 15. Nb5 0-0 16. Bd2 Ne4 17. Rd4 Nc5 18. Qc3 Nc6 19. Rh4 Ne4 20. Qc2 Ne5 21. f3 Nxd2 22. Qxd2 g5 23. Rd4 f4 24. Re4 Ng6 25. Rd1 Rfd8 26. Nd6 Rab8 27. b4 h5 28. e3 fxe3 29. Qxe3 Qf6 30. Rd2 h4 31. Rg4 Kf8 32. Rxg5 hxg3 33. hxg3 Kg7 34. f4 Rh8 35. Ne4 Qa1 36. Rxd7+ Kf8 37. Nf2 Qb2 38. Rxg6 Re8 39. Qd4 1-0